राजभाषा हिंदी के नवोन्मेषी आयाम : (Record no. 211145)

MARC details
000 -LEADER
fixed length control field 01085nam a22001817a 4500
010 ## - LCCN (DPL NO)
LC control number HIN-129720
020 ## - INTERNATIONAL STANDARD BOOK NUMBER
International Standard Book Number 9789394632011
Terms of availability 199.00
035 ## - SYSTEM CONTROL NUMBER
System control number HN-102066
037 ## - SOURCE OF ACQUISITION
Source of stock number/acquisition DBAD
082 ## - DEWEY DECIMAL CLASSIFICATION NUMBER
Classification number 420
100 ## - MAIN ENTRY--PERSONAL NAME
Personal name खटे,राहुल
245 ## - TITLE STATEMENT
Title राजभाषा हिंदी के नवोन्मेषी आयाम :
Remainder of title नई शिक्षा नीति -2020 के लिए उपयुक्त पुस्तक राजभाषा हिंदी के वैज्ञानिक और तकनीकी पक्षों का अन्वेषण /
Statement of responsibility, etc राहुल खटे
250 ## - EDITION STATEMENT
Edition statement प्रथम
260 ## - PUBLICATION, DISTRIBUTION, ETC. (IMPRINT)
Place of publication, distribution, etc मुंबई
Name of publisher, distributor, etc संस्कार साहित्य माला
Date of publication, distribution, etc 2023
270 ## - ADDRESS
Address 407,कृष्णा विहार,टाटा कंपाउंड,इर्ला ब्रिज,एस.वी रोड ,
City अँधेरी(प.), मुंबई
Postal code 400058
300 ## - PHYSICAL DESCRIPTION
Extent 96पृ.
Dimensions 22 सेमी.(अजिल्द)
942 ## - ADDED ENTRY ELEMENTS (KOHA)
Source of classification or shelving scheme Dewey Decimal Classification
Item type Hindi Books
Classification part 420
Call number suffix खटेरा
Holdings
Withdrawn status Lost status Not for loan Collection code Home library Current library Date acquired Source of acquisition Cost, normal purchase price Full call number Barcode Copy number Cost, replacement price Koha item type
      Non-fiction New Police Line New Police Line 05/05/2025 DBAD 199.00 420 खटेरा HN-102066 1 199.00 Hindi Books

© Delhi Public Library
Hit Counter
free hit counter